000 01078nam a22002777a 4500
003 BD-DhSAU
005 20181212124029.0
008 160418b2014 bg ||||| |||| 001 0 eng d
040 _aBD-DhSAU
082 _222
_a630.2
_bI823
100 _aTowhid-Ull-Islam, Meer
_eRegistration no. # 08-02828
245 _aEffects of sulfur and boron on the growth, yield, oil and sulfur content of bari til-4/
_bMS thesis
260 _aSher-e-Bangla Agricultural Uniersity :
_bDepartment of Agricultural Chemistry,
_c2014
300 _axiii, 109 p. :
_bill. ;
_c30 cm.
500 _aMS thesis of Department of Agricultural Chemistry , Faculty of Agriculture, Sher-e-Bangla Agricultural University, Dhaka, Bangladesh
590 _aMd. Sirajul Islam
650 _aSulfur
650 _aBoron
650 _aGrowth
650 _aYield
650 _aTil-4
700 _aRazzaque, Md Abdur
_eSuperviser
700 _aZamil, Sheikh Shawkat
_eCo-superviser
856 _uhttp://archive.saulibrary.edu.bd:8080/xmlui/handle/123456789/2007
_yOnline Access
942 _2ddc
_cTHESIS
999 _c13276
_d13275